<?xml version="1.0" encoding="UTF-8"?>
<marc:record xmlns:marc="http://www.loc.gov/MARC21/slim">
   <marc:leader>00000nam a2200000 a 4500</marc:leader>
   <marc:datafield ind1="1" ind2=" " tag="100">
      <marc:subfield code="a">Maierhofer, Lorenz</marc:subfield>
      <marc:subfield code="4">aut</marc:subfield>
      <marc:subfield code="e">Verfasser/-in</marc:subfield>
   </marc:datafield>
   <marc:datafield ind1=" " ind2=" " tag="653">
      <marc:subfield code="a">Kassette / Kinder- und Jugendbücher/Lieder</marc:subfield>
   </marc:datafield>
   <marc:datafield ind1=" " ind2=" " tag="653">
      <marc:subfield code="a">Songs</marc:subfield>
   </marc:datafield>
   <marc:datafield ind1=" " ind2=" " tag="653">
      <marc:subfield code="a">CD</marc:subfield>
   </marc:datafield>
   <marc:datafield ind1="0" ind2="0" tag="245">
      <marc:subfield code="a">Kinderweihnacht 1 - Im Schein der Kerze</marc:subfield>
   </marc:datafield>
   <marc:datafield ind1="0" ind2="0" tag="245">
      <marc:subfield code="b">18 adventliche Lieder zum Hören und Mitsingen</marc:subfield>
   </marc:datafield>
   <marc:datafield ind1="0" ind2="0" tag="245">
      <marc:subfield code="c">Lorenz Maierhofer</marc:subfield>
   </marc:datafield>
   <marc:datafield ind1=" " ind2="1" tag="264">
      <marc:subfield code="a">Rum</marc:subfield>
      <marc:subfield code="b">Helbling</marc:subfield>
      <marc:subfield code="c">2011</marc:subfield>
   </marc:datafield>
   <marc:datafield ind1="1" ind2=" " tag="520">
      <marc:subfield code="a">Angaben aus der Verlagsmeldung

Kinderweihnacht 1 - Im Schein der Kerze : 18 adventliche Lieder zum Hören und Mitsingen / von Lorenz Maierhofer

Diese Kinderweihnachts-CD bietet 18 winterliche und weihnachtliche Lieder für das Hören und Mitsingen zu Hause. Das mitgelieferte Booklet enthält alle Liedtexte.

Ein perfektes Geschenk für alle Kinder, die Freude am Singen haben!

Inhalt:
1. Im Schein der Kerze
2. Engel gucken schon um's Eck
3. Singen wir im Schein der Kerzen
4. Weihnachtszeit, Weihnachtszeit
5. Die kleine Keksemaus
6. Mein Kuscheltier
7. Kinder tragen Licht ins Dunkel
8. Klingelingeling, liebes Christkind
9. Mein Weihnachtsstern
10. In der Abendstunde im Advent
11. Die Hirtenflöte
12. Dort beim Stall von Bethlehem
13. Venite adoriamo / Nun kommet alle zur Krippe
14. Hinter dem Berg ist Bethlehem
15. Uyingcwele Baba / You are holy, my Lord
16. Advent ist ein Leuchten
17. Hambani kahle / Das Licht erleuchte
18. Feliz Navidad
</marc:subfield>
   </marc:datafield>
   <marc:datafield ind1=" " ind2=" " tag="020">
      <marc:subfield code="a">9783850616263</marc:subfield>
      <marc:subfield code="9">9783850616263</marc:subfield>
   </marc:datafield>
   <marc:datafield ind1=" " ind2=" " tag="041">
      <marc:subfield code="a">ger</marc:subfield>
   </marc:datafield>
   <marc:datafield ind1=" " ind2=" " tag="300">
      <marc:subfield code="a">1 CD</marc:subfield>
   </marc:datafield>
</marc:record>
